Logo BPK

Biblioteka

Politechniki Koszalińskiej

Proceedings of the 8th American Water Jet Conference. Vol.1 : (Rekord nr 39888)

Szczegóły MARC
000 -ETYKIETA REKORDU
podpole kontrolne o stałej długości 00929nam a2200265 i 4500
001 - NUMER KONTROLNY REKORDU
pole kontrolne bg
020 ## - MIĘDZYNARODOWY ZNORMALIZOWANY NUMER KSIĄŻKI - ISBN
ISBN 1880342057 (Vol.1)
020 ## - MIĘDZYNARODOWY ZNORMALIZOWANY NUMER KSIĄŻKI - ISBN
ISBN 1880342073 (2 Vol.Set)
040 ## - ŹRÓDŁO KATALOGOWANIA
Instytucja, która utworzyła rekord BPK
041 0# - KOD JĘZYKA
Kod języka tekstu en
080 ## - UNIWERSALNA KLASYFIKACJA DZIESIĘTNA - UKD
UKD 532(061)
920 ## - Międzynarodowy znormalizowany numer książki – ISBN
ISBN 1-880342-05-7 (Vol.1)
920 ## - Międzynarodowy znormalizowany numer książki – ISBN
ISBN 1-880342-07-3 (2 Vol.Set)
008 - POLE O STAŁEJ DŁUGOŚCI - DANE KONTROLNE
podpole kontrolne o stałej długości s pl f |000 0 pol
245 #C - TYTUŁ/ODPOWIEDZIALNOŚĆ
Tytuł Proceedings of the 8th American Water Jet Conference. Vol.1 :
Ciąg dalszy tytułu August 26-29, 1995 Houston, Texas /
Pozostałe elementy strefy tytułu i oznaczenia odpowiedzialności ed. by Thomas Labus.
260 ## - STREFA ADRESU WYDAWNICZEGO
Miejsce wydania St. Louis :
Nazwa wydawcy/dystrybutora Water Jet Technology Association,
Data publikacji, dystrybucji/powstania dokumentu 1995.
300 ## - STREFA OPISU FIZYCZNEGO
Objętość XII, 457, 2 s. :
Inne cechy fizyczne fot., rys., wykr. ;
Rozmiary 28 cm.
504 ## - UWAGA DOTYCZĄCA BIBLIOGRAFII
Informacje o bibliografii Bibliogr. przy ref. - Indeks.
650 #9 - HASŁO PRZEDMIOTOWE W FORMIE NAZWY OGÓLNEJ LUB JEDNOSTKOWEJ
Nazwa ogólna lub geograficzna Wysokociśnieniowa struga wody
Określnik ogólny stosowanie
650 #9 - HASŁO PRZEDMIOTOWE W FORMIE NAZWY OGÓLNEJ LUB JEDNOSTKOWEJ
Nazwa ogólna lub geograficzna Hydromechanika
655 ## - TERMIN INDEKSOWY - OKREŚLENIE RODZAJU/FORMY DOKUMENTU
Określenie rodzaju/formy dokumentu Materiały konferencyjne
700 1# - HASŁO DODATKOWE - NAZWA OSOBOWA
Nazwa osobowa LABUS, Thomas.
Określenie związku między hasłem a opisywanym materiałem Red.
856 ## - LOKALIZACJA I DOSTĘP DO ELEKTRONICZNYCH DOKUMENTÓW ZDALNYCH
Link (URL) http://koha.tu.koszalin.pl/cgi-bin/koha/opac-detail.pl?biblionumber=39888
Tekst linku Katalog online BPK
942 ## - DODATKOWE ELEMENTY (KOHA)
Typ dokumentu Książka
Egzemplarze
Wycofany Status egzemplarza Uszkodzony Dostępność Lokalizacja stała Lokalizacja bieżąca Miejsce przechowywania Sygnatura Kod kreskowy Typ dokumentu
      Dostępny Biblioteka Politechniki Koszalińskiej Biblioteka Politechniki Koszalińskiej Wypożyczalnia BG 59735 01585094 Książka
© 2023 Biblioteka Politechniki Koszalińskiej :: KOHA